000 01792nam a2200397 i 4500
003 CO-ViMGA
005 20230915224423.0
008 201030s2020 ck ||jr||||s00| ddspa d
020 _a9789585144071
040 _aCO-ViMGA
_bspa
_cCO-ViMGA
043 _as-ck---
084 _aT ZAP2
100 1 _aZapata Olivella, Manuel
_d1920-2004
_eautor
_922981
245 1 0 _aCaronte liberado
_bteatro (1959)
_cManuel Zapata Olivella
250 _aSegunda edicion
300 _a70 paginas
_c25 cm
490 0 _aAño Manuel Zapata Olivella. Ministerio de Cultura
500 _aEdicion coeditada por las siguientes instituciones colombianas: Ministerio de Cultura, Instituto Caro y Cuervo, Biblioteca Nacional de Colombia, Universidad del Valle, Universidad de Cartagena, Universidad de Cordoba, Universidad Tecnologica de Pereira
500 _aIncluye glosario y analisis de la obra al final del texto
600 1 4 _aZapata Olivella, Manuel
_d1920-2004
_xCritica e interpretacion
_9168433
650 1 7 _2LEMB
_aAutores colombianos
_ySiglo XX
_93714
650 1 7 _2LEMB
_aDictadura del proletariado
_vTeatro
_9152567
650 1 7 _2LEMB
_aFamilias negras
_xAspectos sociales
_vTeatro
_9152566
650 1 7 _2LEMB
_aLiteratura colombiana
_ySiglo XX
_9168434
650 1 7 _2LEMB
_aNegros
_xAspectos sociales
_vTeatro
_9152565
650 1 7 _2LEMB
_aPresos poi­ticos
_vTeatro
_9152568
650 1 7 _2LEMB
_aTeatro colombiano
_ySiglo XX
_922551
710 2 _aInsituto Caro y Cuervo
_9152383
710 1 2 _aColombia
_bMinisterio de Cultura
_9168435
710 2 _aBiblioteca Nacional de Colombia
_9168436
710 2 _aUniversidad de Cartagena
_9152386
710 2 _aUniversidad de Cordoba
_9152387
710 2 _aUniversidad del Valle
_9152385
710 2 _aUniversidad Tecnologica de Pereira
_9152388
942 _2ddc
_cBK
999 _c9611
_d9611